Detalles MARC
| 000 -LIDER |
| fixed length control field |
00691cam a2200277 i 4500 |
| 001 - NÚMERO DE CONTROL |
| Identificador de número de control |
0000530 |
| 003 - IDENTIFICACDOR DE NÚMERO DE CONTROL |
| control field |
DO-SdBNP |
| 005 - DATE AND TIME OF LATEST TRANSACTION |
| control field |
20180213141500.0 |
| 007 - CAMPOS FIJOS DE DESCRIPCIÓN FÍSICA |
| fixed length control field |
0000530 |
| 008 - ELEMENTOS DE LONGITUD FIJA |
| fixed length control field |
100514s 1976 sp | |||| 000 f spa |
| 015 ## - NÚMERO DENTRO DE LA BIBLIOGRAFÍA NACIONAL |
| National bibliography number |
|
| 017 ## - NÚMERO DE REGISTRO DE DERECHOS DE AUTOR |
| Copyright or legal deposit number |
|
| Assigning agency |
|
| 020 ## - ISBN |
| International Standard Book Number |
8427245572 |
| 035 ## - NÚMERO LOCAL |
| System control number |
|
| 040 ## - FUENTE DE CATALOGACIÓN |
| Agencia que crea de manera original el registro |
BPMSU |
| Idioma de catalogación |
spa |
| Agencia que realiza la transcripción |
BPMSU |
| Convenciones de la despripción |
|
| 080 ## - NÚMERO DE CLASIFICACIÓN DECIMAL UNIVERSAL |
| Universal Decimal Classification number |
|
| 100 1# - ASIENTO PRINCIPAL -- NOMBRE PERSONAL |
| Nombre personal |
Salgari, Emiliio |
| Fechas asociadas con el nombre |
1862-1911 |
| 245 14 - MENCIÓN DE TITULO |
| Título |
Sandokán : |
| Subtítulo |
en los tigues de Malasia / |
| Medio (Designación general de material) |
|
| Mención de responsabilidad |
Emilio Salgari |
| 260 ## - PUBLICACIÓN, DISTRIBUCIÓN, ETC. (PIE DE IMPRENTA) |
| Lugar de publicación, distribución, etc |
Barcelona : |
| Nombre del editor, distribuidor, etc. |
Molino, |
| Fecha de publicación, distribución, etc |
1976. |
| 300 ## - DESCRIPCIÓN FÍSICA |
| Extensión |
214 p.: |
| Otros detalles físicos |
il. |
| Dimensiones |
21 m |
| 490 1# - MENCIÓN DE SERIES |
| Mención de serie |
Sandokán |
| Volume/sequential designation |
7 |
| 830 #0 - ASIENTO SECUNDARIO DE SERIE--TÍTULO UNIFORME |
| Título uniforme |
Sandokán |
| Número de la parte o sección de una obra |
7 |
| 942 ## - ADDED ENTRY ELEMENTS (KOHA) |
| Source of classification or shelving scheme |
Dewey Decimal Classification |
| Koha item type |
Libros |
| 945 ## - INFORMACIÓN DE PROCESAMIENTO LOCAL |
| Información de procesamiento local |
Inventariado, 2018/YL |
| 956 ## - LOCAL ELECTRONIC LOCATION AND ACCESS (OCLC) |
| Nombre de host |
YLOCKWARD |
| Información de compresión |
BPMSU |
| Número de acceso |
10 |